000 00383 a2200145 4500
999 _c8445
_d8445
020 _a1920061177
050 _aPL8745 NEM 2004
100 _aN embilwi, Luvhengo
_eauthor
245 _aMukosi Kha U Lile /
_cLuvhengo Nembilwi
264 _aThohoyandou:
_bNew productions.,
_c2004
300 _a109 pages
500 _ano index
650 _avenda novel
942 _2lcc
_cBK
_h8745
_iNEM
_kPL